[Event "Temuco de la Frontera"]
[Site "Temuco"]
[Date "2022.01.09"]
[Round "9"]
[White "Lastra San Martin, Freddy Antonio"]
[Black "Aliquintui Pereira, Danixza"]
[Result "1-0"]
[WhiteElo "1579"]
[BlackElo "1698"]
[PlyCount "111"]
[EventDate "2022.01.07"]
[EventType "tourn"]
[EventRounds "9"]
[EventCountry "CHI"]
[SourceTitle "CBM 206 Extra"]
[Source "ChessBase"]
[SourceDate "2022.03.31"]
[SourceVersion "1"]
[SourceVersionDate "2022.03.31"]
[SourceQuality "1"]

1. d4 d5 2. c4 e6 3. Nc3 Nf6 4. cxd5 exd5 5. Bg5 Be7 6. e3 Bf5 7. Bxf6 Bxf6 8. Qb3 c6 9. Qxb7 Qb6 10. Qxb6 axb6 11. Be2 b5 12. a3 Na6 13. Nf3 Nb4 14. 0-0 Na6 15. Rac1 Bd7 16. Ne1 Ke7 17. Nd3 Rhc8 18. Na2 Kd6 19. Nc5 Nxc5 20. Rxc5 Re8 21. Bd3 Ra6 22. Nb4 Rb6 23. Ra1 g6 24. Rac1 Reb8 25. Be2 Re8 26. h3 Bxd4 27. exd4 Rxe2 28. Nd3 f6 29. Kf1 Re8 30. Re1 Rxe1+ 31. Kxe1 Bf5 32. Nb4 Bd7 33. Kd2 Ke6 34. Rc1 f5 35. Nd3 Kd6 36. Ne5 Be6 37. Rc5 Ra6 38. Ke3 g5 39. Kd2 f4 40. f3 h6 41. Ke1 Rb6 42. Kf2 h5 43. Kg1 b4 44. axb4 Rxb4 45. Rxc6+ Ke7 46. Rc2 Kf6 47. Rd2 Kf5 48. Kf2 Kf6 49. Ke2 Bc8 50. Kd3 Rb3+ 51. Kc2 Re3 52. b4 Bf5+ 53. Kb2 Rxe5 54. dxe5+ Kxe5 55. Kc3 g4 56. h4 1-0

[Event "Temuco de la Frontera"]
[Site "Temuco"]
[Date "2022.01.09"]
[Round "7"]
[White "Palma Munoz, Oscar"]
[Black "Lastra San Martin, Freddy Antonio"]
[Result "1-0"]
[WhiteElo "1587"]
[BlackElo "1579"]
[PlyCount "85"]
[EventDate "2022.01.07"]
[EventType "tourn"]
[EventRounds "9"]
[EventCountry "CHI"]
[SourceTitle "CBM 206 Extra"]
[Source "ChessBase"]
[SourceDate "2022.03.31"]
[SourceVersion "1"]
[SourceVersionDate "2022.03.31"]
[SourceQuality "1"]

1. d4 c5 2. c4 Nf6 3. Nf3 g6 4. g3 Bg7 5. Bg2 cxd4 6. Nxd4 Nc6 7. 0-0 0-0 8. Nc3 Ne8 9. Nxc6 bxc6 10. Bxc6 Rb8 11. Qd3 Nc7 12. Rd1 Ne6 13. Bf3 Nc5 14. Qc2 Ba6 15. b3 d6 16. Be3 Qa5 17. Rac1 Bb7 18. Nd5 Bxd5 19. Rxd5 Qa3 20. Rb1 a5 21. Bc1 Qb4 22. Bd2 Qb6 23. a3 e6 24. Rg5 Bf6 25. Rg4 h5 26. Rf4 Bg5 27. Rxf7 Rxf7 28. Bxg5 Kh7 29. Bxh5 Ne4 30. Qxe4 Qxf2+ 31. Kh1 Qf5 32. Bxg6+ Kxg6 33. Qxf5+ Rxf5 34. Bf4 e5 35. Be3 Rff8 36. Kg2 Rfc8 37. Rd1 Rc6 38. Rd3 Kf5 39. Bd2 a4 40. b4 Rxc4 41. Rxd6 Rc2 42. Kf3 Ra2 43. g4# 1-0

[Event "Temuco de la Frontera"]
[Site "Temuco"]
[Date "2022.01.08"]
[Round "6"]
[White "Lastra San Martin, Freddy Antonio"]
[Black "Miranda Gatica, Claudio Adolfo"]
[Result "1-0"]
[WhiteElo "1579"]
[BlackElo "1590"]
[PlyCount "75"]
[EventDate "2022.01.07"]
[EventType "tourn"]
[EventRounds "9"]
[EventCountry "CHI"]
[SourceTitle "CBM 206 Extra"]
[Source "ChessBase"]
[SourceDate "2022.03.31"]
[SourceVersion "1"]
[SourceVersionDate "2022.03.31"]
[SourceQuality "1"]

1. d4 Nf6 2. c4 c5 3. d5 b5 4. cxb5 d6 5. Nc3 a6 6. e4 Nbd7 7. Be3 g6 8. bxa6 Bxa6 9. Bxa6 Rxa6 10. Nge2 Bg7 11. 0-0 Qb6 12. Na4 Qb4 13. Nec3 Nxe4 14. Qd3 Rxa4 15. Nxa4 Qxa4 16. b3 Ne5 17. Qc2 Qb4 18. a3 Qc3 19. Qxe4 0-0 20. Rab1 f5 21. Qh4 Bf6 22. Bg5 Ng4 23. Bxf6 Nxf6 24. Qc4 Qd2 25. b4 cxb4 26. axb4 Ng4 27. h3 Ne5 28. Qc7 Qg5 29. f4 Qf6 30. fxe5 dxe5 31. b5 f4 32. b6 e4 33. b7 f3 34. b8Q Qg5 35. Qxf8+ Kxf8 36. Qc8+ Kg7 37. Qg4 Qe3+ 38. Kh1 1-0